€250bn lifeline (Record no. 80783)
[ view plain ]
| 000 -LEADER | |
|---|---|
| fixed length control field | 00915cab a22002175a 4500 |
| 001 - CONTROL NUMBER | |
| control field | L145340 |
| 008 - FIXED-LENGTH DATA ELEMENTS--GENERAL INFORMATION | |
| fixed length control field | 080930e20080926xxk f s 000 0 eng d |
| 035 ## - SYSTEM CONTROL NUMBER | |
| System control number | (Sirsi) u145340 |
| 041 0# - LANGUAGE CODE | |
| Language code of text/sound track or separate title | eng |
| 100 1# - MAIN ENTRY--PERSONAL NAME | |
| Personal name | Shepherd, Mark |
| 245 00 - TITLE STATEMENT | |
| Title | €250bn lifeline |
| 260 ## - PUBLICATION, DISTRIBUTION, ETC. | |
| Date of publication, distribution, etc. | 2008 |
| 490 #0 - SERIES STATEMENT | |
| Series statement | Property Week |
| Volume/sequential designation | 73(39) 26 September 2008, 48-51(4) |
| 520 ## - SUMMARY, ETC. | |
| Summary, etc. | First in a series of 'Equity watch' articles, investigates how much money might be available to spend on European property. Reveals that there is an estimated €250bn which could enter European real estate when the market conditions are right. Potential sources include sovereign wealth funds, German open-ended funds, institutional investors and recovery funds. Tables. |
| 590 ## - LOCAL NOTE (RLIN) | |
| Local note | KA |
| 651 #4 - SUBJECT ADDED ENTRY--GEOGRAPHIC NAME | |
| Geographic name | Europe |
| 690 ## - LOCAL SUBJECT ADDED ENTRY--TOPICAL TERM (OCLC, RLIN) | |
| Topical term or geographic name as entry element | PROPERTY-COMMERCIAL PROPERTY-COMMERCIAL PROPERTY MARKET |
| 700 1# - ADDED ENTRY--PERSONAL NAME | |
| Personal name | Axford, Nick |
| 700 1# - ADDED ENTRY--PERSONAL NAME | |
| Personal name | Haddock, Michael |
| 942 ## - ADDED ENTRY ELEMENTS (KOHA) | |
| Suppress in OPAC | 0 |
| Withdrawn status | Lost status | Source of classification or shelving scheme | Damaged status | Not for loan | Home library | Current library | Shelving location | Date acquired | Total Checkouts | Full call number | Barcode | Date last seen | Copy number | Price effective from | Koha item type |
|---|---|---|---|---|---|---|---|---|---|---|---|---|---|---|---|
| Dewey Decimal Classification | London | London | Journal article | 30/09/2008 | L145340 | 145340-1001 | 06/08/2019 | 1 | 06/08/2019 | Journal article |